Musiques de plk - Statistics

General Stats
  • This quiz has been taken 1,030 times
  • The average score is 7 of 19
Answers on the Grid
Answers color-coded by a green-red scale on the quiz's grid according to % correct below.
Dingue
Le p
Il pleut a madrid
folie
Raf
Pilote
Toujours
J'attends
Le jour
La nuit
Novembre
All night
Aimer
8/8
270
ça mêne a rien
Cash
EA9
High
260
Billet d'20
On sait jamais
Intr100000
Stay
V2V
AAA
nanao
Demain
Hier
Ce soir
 
Answer Stats
Answer % Correct
Pilote
78%
Dingue
77%
Demain
49%
All night
48%
ça mêne a rien
45%
Raf
45%
La nuit
40%
Billet d'20
39%
Le p
34%
On sait jamais
34%
Aimer
32%
J'attends
31%
AAA
30%
Cash
28%
Hier
24%
260
20%
Intr100000
19%
V2V
19%
High
18%
No matching quizzes found
Score Distribution
Percent of People with Each Score
Percentile by Number Answered
Your Score History
You have not taken this quiz